Sports Quiz

Random Sports or City Quiz

Olympic Cities (A-Z) Quiz Stats

 Plays Quiz Updated Feb 9, 2018

Challenge
Share
Tweet
Embed
Score 0/26 Timer 02:00
0 Plays Today
Letter City % Correct
DNone
100%
ENone
100%
FNone
100%
JNone
100%
KNone
100%
QNone
100%
UNone
100%
WNone
100%
XNone
100%
YNone
100%
ZNone
100%
AAlbertville, Amsterdam, Antwerp, Athens, Atlanta
95.2%
LLake Placid, Lillehammer, London, Los Angeles
92.3%
Letter City % Correct
BBarcelona, Beijing, Berlin
90.5%
SSalt Lake City, Sapporo, Sarajevo, Seoul, Sochi, Squaw Valley, St. Louis, Stockholm, Sydney, St. Moritz
88%
MMelbourne, Mexico City, Montreal, Moscow, Munich
80.7%
TTokyo, Turin
64.9%
PParis, Pyeongchang
59.7%
VVancouver
53.8%
RRio de Janeiro, Rome
51.4%
OOslo
48.2%
CCalgary, Chamonix, Cortina d'Ampezzo
41.6%
HHelsinki
36.8%
NNagano
34.8%
IInnsbruck
24.1%
GGarmisch-Partenkirchen, Grenoble
18.2%

You're not logged in!

Compare scores with friends on all Sporcle quizzes.
Join for Free
OR
Log In

You Might Also Like...

Show Comments

Extras

Top Quizzes Today


Score Distribution

Your Account Isn't Verified!

In order to create a playlist on Sporcle, you need to verify the email address you used during registration. Go to your Sporcle Settings to finish the process.

Report this User

Report this user for behavior that violates our Community Guidelines.

Details: